000 00330nam a22001457a 4500
008 230124b ||||| |||| 00| 0 eng d
020 _a9780840030115
041 _aeng
080 _2INSTRUCTOR EDITION
_a159.9
082 _a159.9McC
100 _a25
101 _aPSI
245 _aED PSYCH
_cMcCOWN SNOWMAN
942 _2udc
_cBK
999 _c59261
_d59261